000 00186nam a2200085 4500
001 1244287
005 20251020114354.0
245 _aACAR SÜVARİ TUTUK ARBALET
_cALİ EMRE
260 _bKETEBE
999 _c1244287
_d1244287